Effetti sonori vol. 19 (Record n. 99766)

Dettagli MARC
000 -LEADER
fixed length control field 01489njm a2200277Ia 4500
001 - CONTROL NUMBER
control field 66286
003 - CONTROL NUMBER IDENTIFIER
control field IT-RoPAU
005 - DATE AND TIME OF LATEST TRANSACTION
control field 20220918181121.0
008 - FIXED-LENGTH DATA ELEMENTS--GENERAL INFORMATION
fixed length control field 131025s9999 xx 000 0 und d
040 ## - CATALOGING SOURCE
Original cataloging agency IT-RoPAU
040 ## - CATALOGING SOURCE
Transcribing agency IT-RoPAU
999 ## - SYSTEM CONTROL NUMBERS (KOHA)
Koha Dewey Subclass [OBSOLETE] n.d.
100 ## - MAIN ENTRY--PERSONAL NAME
Personal name AA.VV.
9 (RLIN) 794
100 ## - MAIN ENTRY--PERSONAL NAME
Relator term Autore musica
9 (RLIN) 23692
100 ## - MAIN ENTRY--PERSONAL NAME
Miscellaneous information Codice autore musica SPICS: 12000
9 (RLIN) 796
245 ## - TITLE STATEMENT
Title Effetti sonori vol. 19
250 ## - EDITION STATEMENT
Edition statement 1a ed.
260 ## - PUBLICATION, DISTRIBUTION, ETC. (IMPRINT)
Place of publication, distribution, etc. MILANO
260 ## - PUBLICATION, DISTRIBUTION, ETC. (IMPRINT)
Name of publisher, distributor, etc. SCIASCIA
Date of publication, distribution, etc. 1980 [1a Ed.:1980 - Ed. Lingua Orig.: 1980]
300 ## - PHYSICAL DESCRIPTION
Extent DISCO
300 ## - PHYSICAL DESCRIPTION
Dimensions 45 minuti (Testo: pag.)
500 ## - GENERAL NOTE
General note Moderna collezione di effetti sonori per uso industriale, radio, tv, cinema, teatro, pubblicità e cineamatori.
505 ## - FORMATTED CONTENTS NOTE
Formatted contents note Cantiere navale - Operazioni di carico di una nave - Gru a motore - Traghetto - Mare - Onde del mare sulla ghiaia - Persone che avanzano in un canneto - Passi sulla sabbia - Sassi gettati in mare - Sartie di imbarcazioni a vela che sbattono al vento in un porticciolo - Accensione e avviamento fuoribordo - Barca a remi - Piscina privata - Sonar di un sommergibile - Svuotamento di una barca a remi dall'acqua - Altoforno - Acciaierie di Piombino - Bulldozer - Autocarro per trasporti eccezionali - Sottostazione elettrica ferroviaria - Innaffiatrice a Pistola - Tagliaerba a motore a scoppio - Rigovernatura dei piatti - Sturalavandini in azione - Stradina silenziosa
650 ## - SUBJECT ADDED ENTRY--TOPICAL TERM
Topical term or geographic name as entry element RUMORI [DISCHI]
Relator term Codice MATERIA SPICS: 9950
9 (RLIN) 23693
942 ## - ADDED ENTRY ELEMENTS (KOHA)
Koha item type DISCHI
Source of classification or shelving scheme Dewey Decimal Classification
Dati di copia
Withdrawn status Lost status Damaged status Not for loan Home library Current library Date acquired Total Checkouts Full call number Date last seen Price effective from Koha item type Public note
    Buone Condizioni Not For Loan SPICS-MEDIATECA SPICS-MEDIATECA 25/10/2013   66286 25/10/2013 25/10/2013 DISCHI Progr. Ins.: 16287 / N.Vol.: 1 / Copie: 1 - Copia rara: n.d. / date import: 01.01.2014 - By Epidotti, Trombetti, Vaglietti
CREDITS: SOCIETA' SAN PAOLO Via A.Severo, 58 - ROMA (RM) & PERIODICI SAN PAOLO SRL Via Giotto, 36 MILANO & CISF Via Giotto, 36 MILANO & EDIZIONI SAN PAOLO SRL,  Piazza Soncino, 5 CINISELLO BALSAMO (MI) -- ITALY